<?xml version="1.0" encoding="UTF-8"?>
<record
    xmlns:xsi="http://www.w3.org/2001/XMLSchema-instance"
    xsi:schemaLocation="http://www.loc.gov/MARC21/slim http://www.loc.gov/standards/marcxml/schema/MARC21slim.xsd"
    xmlns="http://www.loc.gov/MARC21/slim">

  <leader>07211nas1a22008291i 4500</leader>
  <controlfield tag="001">RU\NLR\INFOCOMM16\1000023779</controlfield>
  <controlfield tag="005">20260406192210.0</controlfield>
  <datafield tag="035" ind1=" " ind2=" ">
    <subfield code="a">(NLR Aleph) 002763682</subfield>
  </datafield>
  <datafield tag="090" ind1=" " ind2=" ">
    <subfield code="a">2255023</subfield>
    <subfield code="c">2255023</subfield>
  </datafield>
  <datafield tag="100" ind1=" " ind2=" ">
    <subfield code="a">20040203b18791964|||y0rusy50      ca</subfield>
  </datafield>
  <datafield tag="101" ind1="0" ind2=" ">
    <subfield code="a">rus</subfield>
  </datafield>
  <datafield tag="102" ind1=" " ind2=" ">
    <subfield code="a">RU</subfield>
  </datafield>
  <datafield tag="110" ind1=" " ind2=" ">
    <subfield code="a">zyu||||0|y0</subfield>
  </datafield>
  <datafield tag="200" ind1="1" ind2=" ">
    <subfield code="a">&#x417;&#x430;&#x43F;&#x438;&#x441;&#x43A;&#x438; &#x417;&#x430;&#x43F;&#x430;&#x434;&#x43D;&#x43E;-&#x421;&#x438;&#x431;&#x438;&#x440;&#x441;&#x43A;&#x43E;&#x433;&#x43E; &#x43E;&#x442;&#x434;&#x435;&#x43B;&#x430; &#x413;&#x43E;&#x441;&#x443;&#x434;&#x430;&#x440;&#x441;&#x442;&#x432;&#x435;&#x43D;&#x43D;&#x43E;&#x433;&#x43E; &#x420;&#x443;&#x441;&#x441;&#x43A;&#x43E;&#x433;&#x43E; &#x433;&#x435;&#x43E;&#x433;&#x440;&#x430;&#x444;&#x438;&#x447;&#x435;&#x441;&#x43A;&#x43E;&#x433;&#x43E; &#x43E;&#x431;&#x449;&#x435;&#x441;&#x442;&#x432;&#x430;</subfield>
  </datafield>
  <datafield tag="207" ind1=" " ind2="1">
    <subfield code="a">&#x41A;&#x43D;.1 - &#x422;. 1 (40) (1964)</subfield>
  </datafield>
  <datafield tag="210" ind1=" " ind2=" ">
    <subfield code="a">&#x41E;&#x43C;&#x441;&#x43A;</subfield>
    <subfield code="d">1879 - 1964</subfield>
  </datafield>
  <datafield tag="311" ind1=" " ind2=" ">
    <subfield code="a">&#x41F;&#x440;&#x43E;&#x434;&#x43E;&#x43B;&#x436;&#x430;&#x435;&#x442;&#x441;&#x44F; &#x43A;&#x430;&#x43A;: &#x420;&#x443;&#x441;&#x441;&#x43A;&#x43E;&#x435; &#x433;&#x435;&#x43E;&#x440;&#x433;&#x430;&#x444;&#x438;&#x447;&#x435;&#x441;&#x43A;&#x43E;&#x435; &#x43E;&#x431;&#x449;&#x435;&#x441;&#x442;&#x432;&#x43E; (&#x421;&#x430;&#x43D;&#x43A;&#x442;-&#x41F;&#x435;&#x442;&#x435;&#x440;&#x431;&#x443;&#x440;&#x433;). &#x41E;&#x43C;&#x441;&#x43A;&#x43E;&#x435; &#x440;&#x435;&#x433;&#x438;&#x43E;&#x43D;&#x430;&#x43B;&#x44C;&#x43D;&#x43E;&#x435; &#x43E;&#x442;&#x434;&#x435;&#x43B;&#x435;&#x43D;&#x438;&#x435;. &#x417;&#x430;&#x43F;&#x438;&#x441;&#x43A;&#x438; &#x41E;&#x43C;&#x441;&#x43A;&#x43E;&#x433;&#x43E; &#x440;&#x435;&#x433;&#x438;&#x43E;&#x43D;&#x430;&#x43B;&#x44C;&#x43D;&#x43E;&#x433;&#x43E; &#x43E;&#x442;&#x434;&#x435;&#x43B;&#x435;&#x43D;&#x438;&#x44F; &#x412;&#x441;&#x435;&#x440;&#x43E;&#x441;&#x441;&#x438;&#x439;&#x441;&#x43A;&#x43E;&#x439; &#x43E;&#x431;&#x449;&#x435;&#x441;&#x442;&#x432;&#x435;&#x43D;&#x43D;&#x43E;&#x439; &#x43E;&#x440;&#x433;&#x430;&#x43D;&#x438;&#x437;&#x430;&#x446;&#x438;&#x438; "&#x420;&#x443;&#x441;&#x441;&#x43A;&#x43E;&#x435; &#x433;&#x435;&#x43E;&#x433;&#x440;&#x430;&#x444;&#x438;&#x447;&#x435;&#x441;&#x43A;&#x43E;&#x435; &#x43E;&#x431;&#x449;&#x435;&#x441;&#x442;&#x432;&#x43E;"</subfield>
  </datafield>
  <datafield tag="320" ind1=" " ind2=" ">
    <subfield code="a">&#x417;&#x430;&#x43F;&#x438;&#x441;&#x43A;&#x438; &#x43E;&#x442;&#x434;&#x435;&#x43B;&#x430; (&#x421;&#x43E;&#x434;&#x435;&#x440;&#x436;&#x430;&#x43D;&#x438;&#x435; &#x43A;&#x43D;. 1-35) (&#x412; &#x438;&#x437;&#x434;.: ... 1912, &#x43A;&#x43D;.36, &#x412;&#x44B;&#x43F;.1 &#x441;. 1-4 &#x43F;&#x43E;&#x441;&#x43B;&#x435;&#x434;. &#x43F;&#x430;&#x433;.)</subfield>
  </datafield>
  <datafield tag="430" ind1=" " ind2="0">
    <subfield code="1">2001#$a&#x417;&#x430;&#x43F;&#x438;&#x441;&#x43A;&#x438; &#x417;&#x430;&#x43F;&#x430;&#x434;&#x43D;&#x43E;-&#x421;&#x438;&#x431;&#x438;&#x440;&#x441;&#x43A;&#x43E;&#x433;&#x43E; &#x43E;&#x442;&#x434;&#x435;&#x43B;&#x430; &#x418;&#x43C;&#x43F;&#x435;&#x440;&#x430;&#x442;&#x43E;&#x440;&#x441;&#x43A;&#x43E;&#x433;&#x43E; &#x420;&#x443;&#x441;&#x441;&#x43A;&#x43E;&#x433;&#x43E; &#x433;&#x435;&#x43E;&#x433;&#x440;&#x430;&#x444;&#x438;&#x447;&#x435;&#x441;&#x43A;&#x43E;&#x433;&#x43E; &#x43E;&#x431;&#x449;&#x435;&#x441;&#x442;&#x432;&#x430;</subfield>
    <subfield code="1">71002$3RU\NLR\AUTH\889953921$a&#x420;&#x443;&#x441;&#x441;&#x43A;&#x43E;&#x435; &#x433;&#x435;&#x43E;&#x433;&#x440;&#x430;&#x444;&#x438;&#x447;&#x435;&#x441;&#x43A;&#x43E;&#x435; &#x43E;&#x431;&#x449;&#x435;&#x441;&#x442;&#x432;&#x43E;$b&#x417;&#x430;&#x43F;&#x430;&#x434;&#x43D;&#x43E;-&#x421;&#x438;&#x431;&#x438;&#x440;&#x441;&#x43A;&#x438;&#x439; &#x43E;&#x442;&#x434;&#x435;&#x43B;</subfield>
    <subfield code="t">&#x417;&#x430;&#x43F;&#x438;&#x441;&#x43A;&#x438; &#x417;&#x430;&#x43F;&#x430;&#x434;&#x43D;&#x43E;-&#x421;&#x438;&#x431;&#x438;&#x440;&#x441;&#x43A;&#x43E;&#x433;&#x43E; &#x43E;&#x442;&#x434;&#x435;&#x43B;&#x430; &#x418;&#x43C;&#x43F;&#x435;&#x440;&#x430;&#x442;&#x43E;&#x440;&#x441;&#x43A;&#x43E;&#x433;&#x43E; &#x420;&#x443;&#x441;&#x441;&#x43A;&#x43E;&#x433;&#x43E; &#x433;&#x435;&#x43E;&#x433;&#x440;&#x430;&#x444;&#x438;&#x447;&#x435;&#x441;&#x43A;&#x43E;&#x433;&#x43E; &#x43E;&#x431;&#x449;&#x435;&#x441;&#x442;&#x432;&#x430;</subfield>
    <subfield code="a">&#x420;&#x443;&#x441;&#x441;&#x43A;&#x43E;&#x435; &#x433;&#x435;&#x43E;&#x433;&#x440;&#x430;&#x444;&#x438;&#x447;&#x435;&#x441;&#x43A;&#x43E;&#x435; &#x43E;&#x431;&#x449;&#x435;&#x441;&#x442;&#x432;&#x43E;. &#x417;&#x430;&#x43F;&#x430;&#x434;&#x43D;&#x43E;-&#x421;&#x438;&#x431;&#x438;&#x440;&#x441;&#x43A;&#x438;&#x439; &#x43E;&#x442;&#x434;&#x435;&#x43B;</subfield>
  </datafield>
  <datafield tag="440" ind1=" " ind2="0">
    <subfield code="1">2001#$a&#x417;&#x430;&#x43F;&#x438;&#x441;&#x43A;&#x438; &#x41E;&#x43C;&#x441;&#x43A;&#x43E;&#x433;&#x43E; &#x440;&#x435;&#x433;&#x438;&#x43E;&#x43D;&#x430;&#x43B;&#x44C;&#x43D;&#x43E;&#x433;&#x43E; &#x43E;&#x442;&#x434;&#x435;&#x43B;&#x435;&#x43D;&#x438;&#x44F; &#x412;&#x441;&#x435;&#x440;&#x43E;&#x441;&#x441;&#x438;&#x439;&#x441;&#x43A;&#x43E;&#x439; &#x43E;&#x431;&#x449;&#x435;&#x441;&#x442;&#x432;&#x435;&#x43D;&#x43D;&#x43E;&#x439; &#x43E;&#x440;&#x433;&#x430;&#x43D;&#x438;&#x437;&#x430;&#x446;&#x438;&#x438; "&#x420;&#x443;&#x441;&#x441;&#x43A;&#x43E;&#x435; &#x433;&#x435;&#x43E;&#x433;&#x440;&#x430;&#x444;&#x438;&#x447;&#x435;&#x441;&#x43A;&#x43E;&#x435; &#x43E;&#x431;&#x449;&#x435;&#x441;&#x442;&#x432;&#x43E;"</subfield>
    <subfield code="1">71002$3RU\NLR\AUTH\8810126368$a&#x420;&#x443;&#x441;&#x441;&#x43A;&#x43E;&#x435; &#x433;&#x435;&#x43E;&#x440;&#x433;&#x430;&#x444;&#x438;&#x447;&#x435;&#x441;&#x43A;&#x43E;&#x435; &#x43E;&#x431;&#x449;&#x435;&#x441;&#x442;&#x432;&#x43E; (&#x421;&#x430;&#x43D;&#x43A;&#x442;-&#x41F;&#x435;&#x442;&#x435;&#x440;&#x431;&#x443;&#x440;&#x433;)$b&#x41E;&#x43C;&#x441;&#x43A;&#x43E;&#x435; &#x440;&#x435;&#x433;&#x438;&#x43E;&#x43D;&#x430;&#x43B;&#x44C;&#x43D;&#x43E;&#x435; &#x43E;&#x442;&#x434;&#x435;&#x43B;&#x435;&#x43D;&#x438;&#x435;</subfield>
    <subfield code="t">&#x417;&#x430;&#x43F;&#x438;&#x441;&#x43A;&#x438; &#x41E;&#x43C;&#x441;&#x43A;&#x43E;&#x433;&#x43E; &#x440;&#x435;&#x433;&#x438;&#x43E;&#x43D;&#x430;&#x43B;&#x44C;&#x43D;&#x43E;&#x433;&#x43E; &#x43E;&#x442;&#x434;&#x435;&#x43B;&#x435;&#x43D;&#x438;&#x44F; &#x412;&#x441;&#x435;&#x440;&#x43E;&#x441;&#x441;&#x438;&#x439;&#x441;&#x43A;&#x43E;&#x439; &#x43E;&#x431;&#x449;&#x435;&#x441;&#x442;&#x432;&#x435;&#x43D;&#x43D;&#x43E;&#x439; &#x43E;&#x440;&#x433;&#x430;&#x43D;&#x438;&#x437;&#x430;&#x446;&#x438;&#x438; "&#x420;&#x443;&#x441;&#x441;&#x43A;&#x43E;&#x435; &#x433;&#x435;&#x43E;&#x433;&#x440;&#x430;&#x444;&#x438;&#x447;&#x435;&#x441;&#x43A;&#x43E;&#x435; &#x43E;&#x431;&#x449;&#x435;&#x441;&#x442;&#x432;&#x43E;"</subfield>
    <subfield code="a">&#x420;&#x443;&#x441;&#x441;&#x43A;&#x43E;&#x435; &#x433;&#x435;&#x43E;&#x440;&#x433;&#x430;&#x444;&#x438;&#x447;&#x435;&#x441;&#x43A;&#x43E;&#x435; &#x43E;&#x431;&#x449;&#x435;&#x441;&#x442;&#x432;&#x43E; (&#x421;&#x430;&#x43D;&#x43A;&#x442;-&#x41F;&#x435;&#x442;&#x435;&#x440;&#x431;&#x443;&#x440;&#x433;). &#x41E;&#x43C;&#x441;&#x43A;&#x43E;&#x435; &#x440;&#x435;&#x433;&#x438;&#x43E;&#x43D;&#x430;&#x43B;&#x44C;&#x43D;&#x43E;&#x435; &#x43E;&#x442;&#x434;&#x435;&#x43B;&#x435;&#x43D;&#x438;&#x435;</subfield>
  </datafield>
  <datafield tag="517" ind1="1" ind2=" ">
    <subfield code="a">&#x417;&#x430;&#x43F;&#x438;&#x441;&#x43A;&#x438; &#x41E;&#x43C;&#x441;&#x43A;&#x43E;&#x433;&#x43E; &#x43E;&#x442;&#x434;&#x435;&#x43B;&#x430; &#x413;&#x435;&#x43E;&#x433;&#x440;&#x430;&#x444;&#x438;&#x447;&#x435;&#x441;&#x43A;&#x43E;&#x433;&#x43E; &#x43E;&#x431;&#x449;&#x435;&#x441;&#x442;&#x432;&#x430; &#x421;&#x43E;&#x44E;&#x437;&#x430; &#x421;&#x421;&#x420;</subfield>
  </datafield>
  <datafield tag="710" ind1="0" ind2="2">
    <subfield code="4">070</subfield>
    <subfield code="a">&#x413;&#x435;&#x43E;&#x433;&#x440;&#x430;&#x444;&#x438;&#x447;&#x435;&#x441;&#x43A;&#x43E;&#x435; &#x43E;&#x431;&#x449;&#x435;&#x441;&#x442;&#x432;&#x43E; &#x421;&#x421;&#x421;&#x420;</subfield>
    <subfield code="c">&#x41B;&#x435;&#x43D;&#x438;&#x43D;&#x433;&#x440;&#x430;&#x434;</subfield>
    <subfield code="b">&#x41E;&#x43C;&#x441;&#x43A;&#x438;&#x439; &#x43E;&#x442;&#x434;&#x435;&#x43B;</subfield>
    <subfield code="3">RU\NLR\AUTH\889954638</subfield>
    <subfield code="9">405282</subfield>
  </datafield>
  <datafield tag="801" ind1=" " ind2="1">
    <subfield code="a">RU</subfield>
    <subfield code="b">InfoComm</subfield>
    <subfield code="c">20040203</subfield>
  </datafield>
  <datafield tag="801" ind1=" " ind2="0">
    <subfield code="a">RU</subfield>
    <subfield code="b">NLR</subfield>
    <subfield code="g">PSBO</subfield>
  </datafield>
  <datafield tag="852" ind1=" " ind2=" ">
    <subfield code="a">NLR</subfield>
    <subfield code="j">&#x41F;20/37</subfield>
  </datafield>
  <datafield tag="942" ind1=" " ind2=" ">
    <subfield code="c">SE</subfield>
  </datafield>
  <datafield tag="980" ind1=" " ind2=" ">
    <subfield code="a">RUSPER</subfield>
  </datafield>
</record>
